000 00611cam a2200229 4500
001 B672
008 090401t1987 xxu||||| |||| 00| 0 eng d
035 _a(Sirsi) u37320
041 _aeng
050 _a692.5
100 _aWillis, Christopher
245 _aPractice and procedure for the quantity surveyor
250 _a9th ed.
260 _aLondon
_bCollins
_c1987
300 _aix,249p. ; 24cm.
350 _a12.95
520 _aPrevious editions by Willis,Arthur J. Willis, Christopher J.
650 _aQuantity surveying
_96263
700 _aAshworth, Allan
942 _n0
948 _c04/03/1997
999 _c90467
_d90467